000 01086nam a22002417a 4500
001 BRCA_9359
003 FranzMayer
005 20230918122522.0
008 230828b |||||||| |||| 00| 0 eng d
040 _aMFM
_besp
_cMFM
050 0 _aN6502.57.P63
_bI83 1994
110 1 _4Responsable
_aInstituto Cultural Itáu
_929334
240 _aCadernos História da pintura no Brasil
_hModernismo: Anos heróicos. Marcos históricos
_lPortugués
245 0 _aCadernos História da pintura no Brasil
_bModernismo: Anos heróicos. Marcos históricos
300 _a29 p
_bIlustraciones a color
_c22 cm
500 _aAnexo 1
500 _aEl libro contiene notas relacionadas a la biblioteca, pero no estaba en base de datos.
505 _aTexto en: portuguésIncluye bibliografíaIncluye índice temáticoDirigido a: artistas, estudiantes de arte e historiadores de arte
650 1 _2Artes visuales
_aHistoria del arte
_vAmérica Latina
_929335
651 2 _2Movimientos del arte
_aModernismo
_vBrasil
_929336
710 1 _4Cool.
_aBanco de dados informatizado
_929337
942 _2lcc
_cH
999 _c10981
_d10981